Design of axially loaded piles : European practice : proceedings of the ERTC3 Seminar : Brussels, Belgium 17-18 April, 1997 /

Bibliographic Details
Corporate Author: International Society of Soil Mechanics and Foundation Engineering. TC3 Piles. Seminar
Other Authors: De Cock, F., Legrand, C.
Format: Book
Language:English
Published: Rotterdam ; Brookfield : A.A. Balkema, [1997]
Subjects:

MARC

Tag First Indicator Second Indicator Subfields
LEADER 00000cam a2200000 a 4500
001 in00001402484
005 20151020055408.0
008 971219s1997 vtua b 101 0 eng d
020 |a 9054108738 
035 |a (OCoLC)38113985 
035 |9 AHN4358AM 
040 |a LHL  |c LHL  |d TXA  |d UtOrBLW 
049 |a TXAM 
090 |a TA780  |b .D47 1997 
245 0 0 |a Design of axially loaded piles : European practice :  |b proceedings of the ERTC3 Seminar : Brussels, Belgium 17-18 April, 1997 /  |c edited by F. De Cock, C. Legrand. 
264 1 |a Rotterdam ;  |a Brookfield :  |b A.A. Balkema,  |c [1997] 
264 4 |c ©1997 
300 |a xvi, 377 pages :  |b illustrations ;  |c c1997. 
336 |a text  |b txt  |2 rdacontent 
337 |a unmediated  |b n  |2 rdamedia 
338 |a volume  |b nc  |2 rdacarrier 
504 |a Includes bibliographic references and author index. 
650 0 |a Piling (Civil engineering)  |v Congresses. 
650 0 |a Soil-structure interaction  |x Congresses. 
700 1 |a De Cock, F. 
700 1 |a Legrand, C. 
710 2 |a International Society of Soil Mechanics and Foundation Engineering.  |b TC3 Piles.  |b Seminar  |d (1997 :  |c Brussels, Belgium) 
948 |a c:pk 
999 |a MARS 
999 f f |s c4d31324-015d-380f-9165-5f498d6696b3  |i 303f76cf-b132-3d59-9f01-7ce0999c0781  |t 0 
952 f f |p ric  |a Texas A&M University  |b Rellis Campus  |c Joint Library Facility  |d Remote Storage  |t 0  |e TA780 .D47 1997  |h Library of Congress classification  |i unmediated -- volume  |m A14822183708 
998 f f |a TA780 .D47 1997  |t 0  |l Remote Storage